| 000 | 00874nam a2200277 4500 | ||
|---|---|---|---|
| 003 | EG-GICUC | ||
| 005 | 20260407093733.0 | ||
| 008 | 260402s1951 xxu |||f |||| 00| 0 Fre d | ||
| 040 |
_a EG-GICUC _bfre _c EG-GICUC _d EG-GICUC _erda |
||
| 082 | 0 | 4 |
_a341.48 _bU N . A _221 |
| 092 | 0 | 4 | _221 |
| 099 | _aLaw1 11 341.48 U N . A 1951 | ||
| 110 | _kUnited Nations | ||
| 245 |
_aAnnuaire Des Droits De L'Homme Pour 1949 / _cPar United Nations. |
||
| 264 |
_aNations Unies: _bNations Unies, Lake Success, New-York, _c1951. |
||
| 300 |
_a475 Pages ; _c24 Cm. |
||
| 336 |
_2rda content _atext |
||
| 337 |
_2rda media _aComputer |
||
| 338 |
_2rda carrier _aOnline Resource |
||
| 546 | _aTexte en français | ||
| 650 | 1 | 4 | _adroit international public |
| 651 | 1 | _2qrmak | |
| 856 | 4 | 0 | _uhttps://fll.law.cu.edu.eg/fulltext/bks/B11-05723.pdf |
| 905 | _a64 | ||
| 942 |
_2ddc _cBK _e21 _n0 |
||
| 999 |
_c68419 _d68419 |
||